Historia de la lógica formal
Presentación sobre el concepto, desarrollo de la “lógica formal” y su terminología, se emprende un viaje sobre los principales momentos históricos de esta disciplina. El primer lugar es la forma griega de la lógica, pasando por los precursores, Aristóteles, los megáricos y los estoicos. Los otros pu...
Gespeichert in:
| 1. Verfasser: | |
|---|---|
| Format: | Buch |
| Sprache: | Undetermined |
| Veröffentlicht: |
Madrid, España
Gredos
1967
|
| Schlagworte: | |
| Tags: |
Tag hinzufügen
Keine Tags, Fügen Sie den ersten Tag hinzu!
|
MARC
| LEADER | 00000nam a2200000Ia 4500 | ||
|---|---|---|---|
| 008 | 170316s9999 xx 000 0 und d | ||
| 040 | |a cru BVZT | ||
| 090 | |a 100 B-45h | ||
| 100 | |a Bochenski, I. M. |9 1247 | ||
| 245 | |a Historia de la lógica formal |c / I. M. Bochenski | ||
| 260 | |a Madrid, España |b Gredos |c 1967 | ||
| 300 | |a 595 páginas | ||
| 520 | |a Presentación sobre el concepto, desarrollo de la “lógica formal” y su terminología, se emprende un viaje sobre los principales momentos históricos de esta disciplina. El primer lugar es la forma griega de la lógica, pasando por los precursores, Aristóteles, los megáricos y los estoicos. Los otros puntos son la escolástica y el periodo de transición, es decir, el renacimiento y la modernidad. Finalmente, se llega al momento de la forma matemática de la lógica entrando ya en la época contemporánea, para cerrar con un apartado sobre la forma india de la lógica. | ||
| 650 | |a FILOSOFÍA |9 5 | ||
| 650 | |a LÓGICA |9 121 | ||
| 999 | |c 15737 |d 15737 | ||
| 942 | |c 15 D |h 100 B-45h |2 z | ||
